| 000 | 00841nam a22002297a 4500 | ||
|---|---|---|---|
| 005 | 20210702090128.0 | ||
| 008 | 210701b ag ||||| |||| 00| 0 spa d | ||
| 020 | _a9505690568 | ||
| 050 | 0 | 4 |
_aK3255 _bD476 1994 |
| 100 | 1 | _aDesantes Guanter, José María | |
| 245 | 1 | 3 |
_aLa información como deber _c/ José María Desantes Guanter ; presentación Gonzalo Peltzer |
| 250 | _a1a ed. | ||
| 260 |
_aBuenos Aires : _bÁbaco de Rodolfo Depalma, _c1994 |
||
| 300 |
_a218 p. ; _c23 cm. |
||
| 490 | 0 | _aColeción de la Facultad de Ciencias de la Información de la Universidad Austral | |
| 504 | _aIncluye bibliografía | ||
| 650 | 7 |
_2lemb _aLibertad de información _zArgentina |
|
| 650 | 7 |
_2lemb _aLibertad de prensa _zArgentina |
|
| 650 | 7 |
_aPeriodistas _xÉtica profesional |
|
| 700 | 1 |
_aPeltzer, Gonzalo _epresentador |
|
| 942 |
_2lcc _cLIB |
||
| 999 |
_c156662 _d156660 |
||